Financovanie obcí z fondov EÚ

Charakteristika obcí na Slovensko a čerpanie prostriedkov z regionálneho operačného programu. Problémy spojené s čerpaním týchto prostriedkov.

Saved in:
Bibliographic Details
Main Author: Kalusová, Lenka, 1987-
Format: Book Chapter
Language:Slovak
Subjects:
Tags: Add Tag
No Tags, Be the first to tag this record!

MARC

LEADER 00000nla$a2200000$$$4500
001 0145128
005 20240502072616.0
041 0 |a slo 
044 |a SK 
245 1 0 |a Financovanie obcí z fondov EÚ  |c Lenka Kalusová 
520 |a Charakteristika obcí na Slovensko a čerpanie prostriedkov z regionálneho operačného programu. Problémy spojené s čerpaním týchto prostriedkov. 
610 2 0 |a obce 
610 2 0 |a financovanie 
610 2 0 |a financovanie nenávratné 
610 2 0 |a fondy Európskej únie 
100 1 |a Kalusová, Lenka, 1987-